PHARE dnes a zítra
Charakteristika programu PHARE. Orientácia predovšetkým na technickú pomoc a na transfer know-how. Organizačná štruktúra programu. Blízka budúcnosť pomoci Českej republike - Indikatívny program PHARE na r. 1994-1996.
Salvato in:
| Autore principale: | |
|---|---|
| Natura: | Capitolo di libro |
| Lingua: | ceco |
| Soggetti: | |
| Tags: |
Nessun Tag, puoi essere il primo ad aggiungerne!!
|
MARC
| LEADER | 00000naa a2200000 4500 | ||
|---|---|---|---|
| 001 | r015461 | ||
| 005 | 20221205090010.0 | ||
| 041 | 0 | |a cze | |
| 044 | |a CZ | ||
| 245 | 1 | 0 | |a PHARE dnes a zítra |c Libuše Bautzová |
| 520 | |a Charakteristika programu PHARE. Orientácia predovšetkým na technickú pomoc a na transfer know-how. Organizačná štruktúra programu. Blízka budúcnosť pomoci Českej republike - Indikatívny program PHARE na r. 1994-1996. | ||
| 610 | 2 | 0 | |a PHARE |
| 610 | 2 | 0 | |a pomoc zahraničná |
| 610 | 2 | 0 | |a pomoc technická |
| 610 | 2 | 0 | |a know-how |
| 610 | 2 | 0 | |a Česko |
| 100 | 1 | |a Bautzová, Libuše | |